[Event "Leipzig VfB op 20th"]
[Site "Leipzig"]
[Date "2013.03.05"]
[Round "1"]
[White "Just, Joachim"]
[Black "Winter, Katharina"]
[Result "1-0"]
[WhiteElo "2033"]
[BlackElo "1698"]
[PlyCount "63"]
[EventDate "2013.03.05"]
[EventType "swiss"]
[EventRounds "9"]
[EventCountry "GER"]
[SourceTitle "EXT 2014"]
[Source "ChessBase"]
[SourceDate "2013.11.20"]
[SourceVersion "1"]
[SourceVersionDate "2013.11.20"]
[SourceQuality "1"]

1. g3 d5 2. f4 c6 3. Bg2 Nf6 4. Nf3 e6 5. c3 Bd6 6. d3 Nbd7 7. Qc2 0-0 8. e4 dxe4 9. dxe4 Bc5 10. b4 Bb6 11. c4 c5 12. e5 Ne8 13. b5 a6 14. Nc3 Ba5 15. 0-0 Nb6 16. Ne4 Nd7 17. Be3 Qc7 18. Rad1 b6 19. Nfg5 g6 20. Nf6+ Nexf6 21. Bxa8 Ng4 22. Bc1 axb5 23. Bf3 Nh6 24. g4 Nb8 25. cxb5 f6 26. exf6 Rxf6 27. Qc4 Qe7 28. Bb2 Rf8 29. Be5 Bd7 30. Bd6 Qf6 31. Bxb8 Bc8 32. Be5 1-0